Marketing strategies for competitive advantage

Αποθηκεύτηκε σε:
Λεπτομέρειες βιβλιογραφικής εγγραφής
Κύριος συγγραφέας: Adcock, Dennis
Μορφή: Βιβλίο
Γλώσσα:English
Δημοσίευση: Chichester : Wiley, c2000
Θέματα:
Ετικέτες: Προσθήκη ετικέτας
Δεν υπάρχουν, Καταχωρήστε ετικέτα πρώτοι!

MARC

LEADER 00000cam a2200000 i 4500
001 1/18270
008 010312s2000 eng d
020 |a 0-471-98169-9 
035 |l 10066433 
040 |a GR-MY-UA  |b gre  |e aacr 
041 0 |a eng 
082 0 |a 658.8 
100 1 |a Adcock, Dennis. 
245 1 0 |a Marketing strategies for competitive advantage /  |c Dennis Adcock 
260 |a Chichester :   |b Wiley,   |c c2000 
300 |a viii, 406 p. 
504 |a Includes bibliographical references and index 
650 0 0 |a Marketing. 
852 |a INST  |b CHIOS  |e 20010312  |h 658.8 ADC  |p 005200021551  |q 005200021551  |t BK  |y 0 
901 |a BIBL2-2001-1 
909 |a Χ  |b 083383 
970 |a ΣΑΛΑΜΟΥΡΑ  |b ΜΑΡΙΑ  |z 2001/03/12